Prénoms ou pas ? (mort subite) - Statistiques

Statistiques générales
  • Ce quiz a été pris 192 fois
    135 depuis la dernière actualisation
  • Le résultat moyen est 16 sur 34
Answers on the Grid
Answers color-coded by a green-red scale on the quiz's grid according to % correct below.
Liban
suez
dub
sore
Eon
olen
allé
larme
émia
tapis
Aral
iole
cabri
élime
haras
la
cire
de
cul
oil
mas
dis
salis
mot
mit
yak
asile
ave
anal
yam
lem
eus
mail
anel
lien
nave
cela
aile
 
Statistiques - réponses
Réponse % Correct
Eon
66%
Liban
64%
anel
63%
Aral
63%
émia
57%
anal
54%
asile
54%
ave
54%
cul
54%
lem
53%
mas
53%
élime
52%
nave
52%
haras
51%
mit
51%
mot
51%
mail
50%
cire
47%
suez
46%
aile
44%
dis
44%
lien
44%
allé
42%
sore
42%
yam
42%
cela
41%
iole
40%
oil
40%
salis
39%
yak
39%
de
36%
la
33%
eus
30%
dub
20%
Aucun quiz correspondant
Distribution des résultats
% des personnes avec chaque résultat
Percentile par nombre de réponses
Votre historique - résultats
Vous n’avez pas pris ce quiz depuis la dernière actualisation